| 000 | 01487nam a22003257a 4500 | ||
|---|---|---|---|
| 003 | DO-SdBNP | ||
| 005 | 20220623134849.0 | ||
| 008 | 220623b2012 |||ao||| |||| 001 0dspa d | ||
| 020 | _a9789945404531 | ||
| 040 |
_aDO-SdBNP _bspa _cBNPHU |
||
| 082 | 4 |
_222 _a972.9356 _bS235i |
|
| 100 | 1 | 0 |
_aCabrera, Fernando _d1964- _eeditor |
| 245 | 1 | 0 |
_aSantiago de los Caballeros : _bimágenes del corazón / _cedición y prólogo, Fernando Cabrera ; textos, Edwin Espinal ... [et. al.] |
| 260 |
_aSanto Domingo : _bMinisterio de Cultura. _c2012. |
||
| 300 |
_a405 p. : _bil.; fot.; _c29 cm |
||
| 500 | _aIncluye biografías de autores y fotógrafos. | ||
| 505 |
_aPresentación : José Rafael Lantigua. _rMinistro de Cultura |
||
| 505 | _aExodio : Fernando Cabrera. | ||
| 505 |
_aSantiago, la provincia más provincia -- _rEdwin Espinal. |
||
| 505 |
_aLas resonancias de las artes -- _rDanilo de los Santos. |
||
| 505 |
_aRecorrido por Santiago cultural -- _rCarmen Pérez Valerio. |
||
| 505 |
_aUna sólida tradición de letras -- _rEnegildo Peña. |
||
| 505 |
_aTradiciones y costumbres -- _rPetruska Sméster. |
||
| 505 |
_aGeografiando el futuro de Santiago -- _rRafaél Emilio Yunén. |
||
| 505 | _aIndice fotográfico -- | ||
| 505 | _aBiografías de autores y fotógrafos . | ||
| 650 | 4 |
_aSantiago de los Caballeros _981913 _xImágenes _zRepública Dominicana |
|
| 700 | 1 |
_a Puras Penzo, Natalio ; García, Wilfredo ; Batista, Domingo _efotógrafos _981914 |
|
| 942 |
_2ddc _cLBS1 |
||
| 999 |
_c52103 _d52103 |
||